| 000 | 01081nam a2200301 a 4500 | ||
|---|---|---|---|
| 001 | 3985355 | ||
| 003 | ARRUPE | ||
| 005 | 20131107134147.0 | ||
| 008 | 950328s1994 sz b 000 0 eng | ||
| 010 | _a 95133130 | ||
| 020 | _a2825411353 | ||
| 040 |
_aDLC _cDLC |
||
| 043 | _af-sa--- | ||
| 050 | 0 | 0 |
_aBT734.2 _b.L6 1994 |
| 082 | 0 | 0 |
_a261.8/348/00968 _220 |
| 245 | 0 | 2 |
_aA long struggle : _bthe involvement of the World Council of Churches in South Africa / _cedited by Pauline Webb. |
| 260 |
_aGeneva : _bWCC Publications, _cc1994. |
||
| 300 |
_axiv, 133 p. ; _c22 cm. |
||
| 504 | _aIncludes bibliographical references. | ||
| 610 | 2 | 0 |
_aWorld Council of Churches. _bProgramme to Combat Racism. _93475 |
| 650 | 0 |
_aRace relations _xReligious aspects _xChristianity. _93476 |
|
| 650 | 0 |
_aApartheid _zSouth Africa. _93477 |
|
| 700 | 1 |
_aWebb, Pauline. _93478 |
|
| 710 | 2 |
_aWorld Council of Churches. _93479 |
|
| 906 |
_a7 _bcbc _corignew _d2 _encip _f19 _gy-gencatlg |
||
| 942 |
_2lcc _cMONOGRAPH |
||
| 999 |
_c118573 _d118573 |
||